000 00514nam a2200193Ia 4500
001 3457
008 170128s1977 ii a g b000 u 465 u
020 _a0-07-039412-1
082 _a330.51
100 _aMaddala, G S,
_eAuthor.
245 0 _aEconometrics /
_cG S Maddala.
_hTextual Documents
250 _a1st ed. /
260 _aNew York :
_bMcGraw - Hill book company ,
_c1977.
300 _a513p. :
_bill ;
_c21 cm. .
504 _aIndex.
653 _aEconometrics
653 _aG-Economics
942 _2ddc
_cBK
999 _c3445
_d3445